| 000 | 03171nam a2200301Ia 4500 | ||
|---|---|---|---|
| 003 | OSt | ||
| 005 | 20210419092914.0 | ||
| 008 | 210310s2002 ck ad gr 000 0 spa d | ||
| 020 | _a9586824241 | ||
| 040 |
_aCO-JMCR _cCO-JMCR |
||
| 041 | 0 | _aspa | |
| 082 |
_a336.0093861 / _bO84r _223 |
||
| 100 | 1 |
_aOssa Escobar, Carlos, _915007 _eautor |
|
| 245 | 1 | 0 |
_aReasignación de la carga tributaria en Colombia : _bpropuestas y alternativas : evaluación de la política y estructura del sistema impositivo nacional y territorial / _cCarlos Ossa Escobar, Contralor General de la República ; prólogo, Arnold C. Harberger, prólogo |
| 250 | _aPrimera edición | ||
| 260 |
_aBogotá : _bContraloría General de la República, _c2002 |
||
| 300 |
_b195 páginas : _ailustraciones y gráficas a blanco y negro ; _c23 cm. |
||
| 490 | 0 | _aColección Contraloría | |
| 500 | _aIncluye notas a pie de página. | ||
| 504 | _aBibliografía: páginas [184]-185 | ||
| 505 | 0 | _aResumen -- Las finanzas del gobierno nacional -- Tributación nacional -- Tributación de las entidades territoriales -- Propuestas y recomendaciones acerca de la tributación a nivel nacional -- Propuestas y recomendaciones del nivel territorial y subnacional | |
| 520 | 3 | _aLa reasignación de la carga tributaria en Colombia: propuestas y alternativas es una obra que la Contraloría General de la República somete a consideración del Gobierno Nacional, del Congreso, de los gremios, de la academia y del país en general, cuyo propósito es contribuir en la construcción de un sistema impositivo progresivo, neutral y equitativo. Este trabajo cubre los elementos sustanciales, de procedimiento y de la administración de los impuestos del nivel nacional y territorial, en el contexto de la política y la estructura tributaria de los últimos treinta años. Sobre ellos se realiza el diagnóstico y se formula la propuesta. El estudio identifica, entre los rasgos estructurales del sistema tributario colombiano, la mala distribución de la carga, la proliferación de exenciones y beneficios inequitativos y regresivos, la inestabilidad de las reglas y arreglos institucionales. En conjunto, las medidas para subsanarlos conducen a una propuesta integral que permite enfrentar la reforma estructural de las finanzas públicas con claros criterios de responsabilidad social. La calidad técnica y académica del libro está avalada por el prólogo del profeso Arnold C. Harberger, quien evalúa y comenta el estudio. El profeso Harberger es un estudioso del tema impositivo a nivel internacional y posee amplia experiencia en los sistemas tributarios de América Latina. Desde 1984 es un profesor de Economía en la Universidad de California, Los Ángeles, y profesor visitante de las universidades de Harvard, Princeton y del Instituto Tecnológico de Massachusetts, MIT, del Centro para Estudio Internacionales en Nueva Delhi y de la Universidad de París. | |
| 650 | 1 | 4 |
_aImpuestos _915009 _zColombia |
| 650 | 2 | 4 |
_aPlanificación tributaria _zColombia _936952 |
| 650 | 2 | 4 |
_aImpuestos sobre la renta _zColombia _936945 |
| 700 | 1 |
_aHarberger, Arnold C., _eprologuista _936953 |
|
| 942 |
_2ddc _cBK |
||
| 999 |
_c7635 _d7635 |
||